00421nam a2200145Ia 4500008004100000020001800041041000800059082001500067100002400082245008000106250000600186260004500192300001100237650002700248210716s2010 xx 000 0 und d a9780198063650 aeng a651.7 JETJ aJethwaney, Jaishri. aCorporate communication: principles and practice.bPrinciples and practice. a1 aNew DelhibOxford University Pressc2010 axi,432 aBusiness Communication